000 00741nam0a2200253 4500
001 RU\NLR\BIBL_A\011627907
005 20250626101611.0
010 _91000
035 _a(NLR Aleph) 011627907
090 _a13415627
_c13415627
100 _a20180213d1983 |||y0rusy50 ca
101 0 _akir
102 _aKG
105 _aa z 000gy
200 1 _aАла-Тоо
_eпоэмалар
_fТоголок Молдо
_gсүрѳтчүсү М. Бекжанов
210 _aФрунзе
_c"Мектеп"
_d1983
215 _a47,[1] c.
_cил.
_d11
686 1 _aШ6(5=Ки)7-5
700 1 _aТоголок Молдо
_4070
702 1 _aБекжанов
_bМ.
_4040
852 _aNLR
_bОНЛ
_jКирг./1-1012
942 _cBOOK
980 _aNB